Visualizzazione normale
Vista MARC
- Morelli Umberto
di Personal Name
Records bibliografici associati: 1
001 - CONTROL NUMBER
- control field: 59862
003 - CONTROL NUMBER IDENTIFIER
- control field:
005 - DATE AND TIME OF LATEST TRANSACTION
- control field: 20230331112429.0
008 - FIXED-LENGTH DATA ELEMENTS
- fixed length control field: 230331|| aca||aabn | a|a d
040 ## - CATALOGING SOURCE
- Original cataloging agency:
- Transcribing agency:
100 ## - HEADING--PERSONAL NAME
- Personal name: Morelli Umberto
670 ## - SOURCE DATA FOUND
- Source citation: Work cat.: ()221824: Morelli Umberto, Istituto del pensionamento e crescita della popolazione anziana, 1980